| 000 | 005020000a22001570004500 | ||
|---|---|---|---|
| 090 |
_aAR _b03256 |
||
| 245 | 1 | 0 | _aEvaluaciones ambientales (<de sosteniblidad>) de los acuerdos de liberalización del comercio a nivel nacional |
| 500 | _a<COLECCION BIOCOMERCIO> | ||
| 650 | 1 | 4 |
_aBiocomercio _992419 |
| 650 | 1 | 4 |
_aPolíticas ambientales _95366 |
| 650 | 1 | 4 |
_aConvenios internacionales _93879 |
| 650 | 1 | 4 |
_aUso sostenible _9344 |
| 041 | 0 | _aEspañol | |
| 942 | _cARTICULO | ||
| 773 | 1 |
_tPreprint _33 _q1-11 _d2000 |
|
| 999 |
_c12309 _d12309 |
||